Music Quiz

Random Music or Billboard Quiz

'80s Artists With a Top 5 Hit Quiz Stats

 Plays Quiz Updated Sep 13, 2012

Challenge
Share
Tweet
Embed
Score 0/120 Timer 04:00
0 Plays Today
Month Got it? % Correct
May 1986✓ 
96.7%
Nov 1987✓ 
96.5%
Oct 1987✓ 
96.5%
Oct 1989 ✓ 
96.4%
Jan 1987✓ 
95.7%
Sep 1987 ✓ 
95.7%
Jan 1984 ✓
94.7%
Sep 1989 ✓ 
94.4%
Jan 1988✓ 
94.4%
Jun 1985✓ 
94.3%
Dec 1983 ✓ 
94.3%
Dec 1984✓ 
93.9%
Apr 1987✓ 
93.7%
Jan 1985✓ 
93.4%
Jul 1983 ✓
93.1%
Apr 1983 ✓ 
93%
Feb 1984 ✓
92.6%
Mar 1984✓ 
92.6%
Mar 1983 ✓ 
92.5%
Mar 1988✓ 
92.5%
Apr 1988 ✓ 
92.4%
Mar 1985✓ 
92.4%
Jun 1988 ✓
92.2%
Apr 1989 ✓
91.9%
Nov 1983 ✓
91.8%
Jun 1987✓ 
91.3%
Aug 1987✓ 
91.3%
Feb 1980 ✓ 
90.6%
Nov 1986✓ 
90.5%
Jan 1983 ✓
90.3%
Mar 1987✓ 
90.2%
Feb 1983 ✓
90.1%
Jul 1988 ✓
89.9%
Oct 1986✓ 
89.9%
Dec 1982✓ 
89.7%
May 1983 ✓ 
89.6%
Oct 1984✓ 
89.5%
May 1989 ✓
89.2%
May 1987✓ 
89.1%
May 1985✓ 
89%
Month Got it? % Correct
Nov 1989 ✓ 
88.9%
Feb 1987✓ 
88.8%
Oct 1985✓ 
88.7%
Dec 1989 ✓
88.6%
Jan 1980✓ 
88.1%
Feb 1986✓ 
88%
Nov 1988 ✓
87.6%
Aug 1986✓ 
87.1%
Sep 1988 ✓
87.1%
Jul 1986✓ 
86.6%
Jul 1989 ✓
86.3%
Jun 1986✓ 
86.2%
Jul 1985✓ 
84.8%
Apr 1985✓ 
84.4%
Jan 1986✓ 
83.2%
Jun 1984✓ 
83.1%
Aug 1984 ✓ 
83.1%
Nov 1984✓ 
82.7%
Aug 1988 ✓
82%
Dec 1987✓ 
81.4%
May 1988✓ 
79.7%
Jul 1987✓ 
79.5%
Sep 1985✓ 
78.8%
Feb 1985✓ 
77.8%
Jul 1984✓ 
77.3%
Aug 1985✓ 
76.7%
Sep 1984✓ 
76.4%
Dec 1985✓ 
75%
Aug 1980✓ 
74.6%
Oct 1981 ✓
73.7%
Nov 1985✓ 
73.1%
Mar 1986✓ 
72.9%
Dec 1980✓ 
72.8%
Dec 1988 ✓
72.7%
Apr 1986✓ 
71.6%
Oct 1983✓ 
71.5%
Apr 1984✓ 
70.5%
Nov 1981 ✓
70.4%
Jul 1980✓ 
70%
Dec 1986✓ 
69.8%
Month Got it? % Correct
Feb 1988✓ 
69.7%
Jan 1981✓ 
69.4%
Mar 1989 ✓
68.5%
Jun 1983 ✓
68.4%
Jun 1980✓ 
68.3%
May 1984✓ 
67.7%
Sep 1983 ✓
65.4%
Sep 1980✓ 
64.6%
Aug 1983 ✓
64.6%
Aug 1989 ✓
64.1%
Jan 1989 ✓
64%
May 1980✓ 
64%
Sep 1986✓ 
61.7%
Jul 1982✓ 
61.6%
Apr 1981 ✓
61.3%
Dec 1981 ✓
61%
Feb 1981✓ 
60.8%
Mar 1980✓ 
60%
Mar 1981 ✓
59.6%
Mar 1982✓ 
59.4%
Apr 1982✓ 
59.1%
Feb 1982✓ 
58.4%
Jun 1982✓ 
57.4%
Apr 1980✓ 
57.2%
Feb 1989 ✓
56.3%
Nov 1980✓ 
54.3%
Sep 1981 ✓
54.3%
May 1982✓ 
53.5%
Aug 1981 ✓
53.4%
Jun 1989 ✓
53.4%
Oct 1988 ✓
52.2%
Oct 1980✓ 
51.4%
Nov 1982✓ 
48.7%
Jan 1982✓ 
43.8%
Jul 1981 ✓
41.5%
Sep 1982✓ 
40.5%
May 1981 ✓
39.4%
Oct 1982✓ 
37.5%
Aug 1982✓ 
37.2%
Jun 1981 ✓
34.7%

You're not logged in!

Compare scores with friends on all Sporcle quizzes.
Join for Free
OR
Log In

You Might Also Like...

Show Comments

Extras

Top Quizzes Today


Score Distribution

Your Account Isn't Verified!

In order to create a playlist on Sporcle, you need to verify the email address you used during registration. Go to your Sporcle Settings to finish the process.

Report this User

Report this user for behavior that violates our Community Guidelines.

Details: